000 00645nam a22002417a 4500
003 UA-OsUOA
001 41650
007 ta
008 20061009b un ||||| |||| 00| 0 ukr d
100 _aСолоневський Ростислав
090 _a821. 161. 2
_bС 60
942 _cBK
040 _aUA-OsUOA
_bukr
_cUA-OsUOA
_dUA-OsUOA
245 _aВибрані твори
300 _a168 с.
955 _a3
041 _aukr
080 _a821. 161. 2
020 _a966-7358-73-9
260 _aРівне
_b"Азалія"
_c2004
650 7 _a82 Література. Літературознавство
_2UDC
999 _c327793
_d327793